Moscow in construction; (Record no. 548860)
[ view plain ]
| 000 -LEADER | |
|---|---|
| fixed length control field | 00823cam a22001931 4500 |
| 082 00 - DEWEY DECIMAL CLASSIFICATION NUMBER | |
| Classification number | 690.540947 |
| Author Mark | PRO |
| -- | L-14, P-94 |
| 100 1# - MAIN ENTRY--PERSONAL NAME | |
| Personal name | Promyslov, Vladimir Fedorovich. |
| 9 (RLIN) | 45302 |
| 245 10 - TITLE STATEMENT | |
| Title | Moscow in construction; |
| Remainder of title | industrialized methods of building, |
| Statement of responsibility, etc. | by V. Promyslov. Translated from the Russian by B. Kuznetsov. |
| 260 ## - PUBLICATION, DISTRIBUTION, ETC. | |
| Place of publication, distribution, etc. | Moscow, |
| Name of publisher, distributor, etc. | Mir, |
| Date of publication, distribution, etc. | 1967. |
| 300 ## - PHYSICAL DESCRIPTION | |
| Extent | 364 p. |
| Other physical details | illus. |
| Dimensions | 22 cm. |
| 500 ## - GENERAL NOTE | |
| General note | Abridged translation of Razvitie industrialʹnogo stroitelʹstva v Moske. |
| 526 ## - STUDY PROGRAM INFORMATION NOTE | |
| Program name | 0 |
| Interest level | 0 |
| Reading level | 0 |
| Title point value | 690_540947000000000_PRO |
| 526 ## - STUDY PROGRAM INFORMATION NOTE | |
| Program name | 0 |
| Interest level | 0 |
| Reading level | 0 |
| Title point value | 690_540947000000000_PRO |
| 650 #0 - SUBJECT ADDED ENTRY--TOPICAL TERM | |
| Topical term or geographic name entry element | Building |
| Geographic subdivision | Russia (Federation) |
| -- | Moscow. |
| 9 (RLIN) | 45303 |
| 650 #0 - SUBJECT ADDED ENTRY--TOPICAL TERM | |
| Topical term or geographic name entry element | Construction industry |
| Geographic subdivision | Russia (Federation) |
| -- | Moscow. |
| 9 (RLIN) | 45304 |
| 650 #0 - SUBJECT ADDED ENTRY--TOPICAL TERM | |
| Topical term or geographic name entry element | Industrialized building |
| Geographic subdivision | Russia (Federation) |
| -- | Moscow. |
| 9 (RLIN) | 45305 |
| 650 #0 - SUBJECT ADDED ENTRY--TOPICAL TERM | |
| Topical term or geographic name entry element | MCE |
| 9 (RLIN) | 379 |
| 942 ## - ADDED ENTRY ELEMENTS (KOHA) | |
| Source of classification or shelving scheme | |
| Koha item type | Book |
| Withdrawn status | Lost status | Source of classification or shelving scheme | Damaged status | Not for loan | Permanent Location | Current Location | Date acquired | Total Checkouts | Full call number | Barcode | Date last seen | Price effective from | Koha item type |
|---|---|---|---|---|---|---|---|---|---|---|---|---|---|
| Military College of Engineering (MCE) | Military College of Engineering (MCE) | 09/09/2014 | 690.540947 PRO | MCE-3620 | 09/09/2014 | 09/09/2014 | Book | ||||||
| Military College of Engineering (MCE) | Military College of Engineering (MCE) | 09/09/2014 | 690.540947 PRO | MCE-3430 | 09/09/2014 | 09/09/2014 | Book |
